Obras incompletas del Conde de las Navas / (Record no. 94362)

MARC details
000 -LEADER
campo de control de longitud fija 00840nam a2200229 i 4500
001 - NÚMERO DE CONTROL
campo de control 94362
003 - IDENTIFICADOR DE NÚMERO DE CONTROL
campo de control ES-MaACL
005 - FECHA Y HORA DE LA ÚLTIMA TRANSACCIÓN
campo de control 20250907063057.0
007 - CAMPO FIJO DE DESCRIPCIÓN FÍSICA--INFORMACIÓN GENERAL
campo de control de longitud fija t|
008 - DATOS DE LONGITUD FIJA--INFORMACIÓN GENERAL
campo de control de longitud fija 050428s1929 sp ||||1| spa d
100 1# - ENTRADA PRINCIPAL--NOMBRE DE PERSONA
Nombre de persona Navas, Juan Gualberto López Valdemoro de Quesada,
Títulos y otros términos asociados al nombre Conde de las,
Fechas asociadas al nombre 1855-1935
9 (RLIN) 85203
245 10 - MENCIÓN DEL TÍTULO
Título Obras incompletas del Conde de las Navas /
Mención de responsabilidad, etc. Juan Gualberto López Valdemoro de Quesada, Conde de las Navas.
250 ## - MENCION DE EDICION
Mención de edición 1ª ed.
260 ## - PUBLICACIÓN, DISTRIBUCIÓN, ETC.
Lugar de publicación, distribución, etc. Madrid :
Nombre del editor, distribuidor, etc. [s.n.],
Fecha de publicación, distribución, etc. 1929 (
Fabricante Tip. Católica)
300 ## - DESCRIPCIÓN FÍSICA
Extensión XIII, 323 p. ;
Dimensiones 22 cm.
500 ## - NOTA GENERAL
Nota general Con un retrato del autor en la port.
500 ## - NOTA GENERAL
Nota general Tirada de 2.000 ejemplares.
505 8# - NOTA DE CONTENIDO CON FORMATO
Nota de contenido con formato Contiene: I. Cuentos y chascarrillos propios y ajenos
740 0# - ENTRADA AGREGADA--TÍTULO RELACIONADO/ANALÍTICO NO CONTROLADO
Título relacionado o analítico no controlado Cuentos y chascarrillos propios y ajenos.
852 ## - LOCALIZACIÓN
Ubicación ES-MaACL
Número de control de estantería C-8170
Holdings
Estatus retirado Estado de pérdida Estado de daño No para préstamo Biblioteca de origen Biblioteca actual Ubicación en estantería Fecha de adquisición Fuente de adquisición Total de préstamos Signatura topográfica completa Código de barras Visto por última vez Precio de reemplazo Tipo de ítem Koha
        Biblioteca del Ateneo de Madrid Biblioteca del Ateneo de Madrid Sala Palomar 22/06/2010     C-8170 1183623 23/02/2023 23/02/2023 Libro impreso